000
00283nam a2200097Ia 4500
001
639912
005
20250826153437.0
008
250824s9999 xx 000 0 und d
245
0
_a
GÜLİSTAN ANTİK DÜNYA KLASİKLERİ
_c
ŞEYH SADİ-İ ŞİRAZİ
260
_b
ANTİK DÜNYA KLASİKLERİ
999
_c
639912
_d
639912